| 000 | 00409nam a22001337a 4500 | ||
|---|---|---|---|
| 040 | _cNUST | ||
| 082 | _a220 PRO | ||
| 100 |
_aHamza Ali Zubair Ahmed Anosha Tahseen Tayyabah Hasnain _986205 |
||
| 110 |
_a Project Supervisor Dr. Taosif Iqbal _986206 |
||
| 245 | _aPR-SOF-2073-Shunt Active Power FIlter | ||
| 260 |
_aISLAMABAD: _bNUST COLLEGE OF EME, _c2021. |
||
| 650 |
_aDE-ELECT-39 _986207 |
||
| 942 |
_2ddc _cPR |
||
| 999 |
_c587256 _d587256 |
||